00494cam a2200157 a 4500020001500000040000800015041000900023082002600032100001800058245009500076260003600171300003300207650001600240650001200256856006800268 a0849916879 cDLC1 hfre 00a843 LES 2001 C275 Or.1 aHugo, Victor,10aVictor Hugo's Les miserables :bthe classic story of the Triumph of grace and redemption / aNashville :bWord Pub.,cc2001. avi, 287 p. :bill. ;c24 cm. 0aEx-convicts 0aOrphans42uhttp://www.loc.gov/catdir/enhancements/fy0612/2001026843-d.html